MARC

LEADER 00000nam0a2200000 4500
001 211837
005 20231031192732.0
035 |a (RuTPU)RU\TPU\book\231432 
090 |a 211837 
100 |a 20120320d1973 k y0rusy50 ca 
101 1 |a rus  |c eng 
102 |a RU 
105 |a a z 001zy 
200 1 |a Алгебраическая К-теория  |e пер. с англ.  |f Х. Басс 
210 |a Москва  |c Мир  |d 1973 
215 |a 592 с.  |c ил. 
320 |a Библиогр.: с. 574-580. 
320 |a Указатели: с. 581-587. 
610 1 |a алгебраическая топология 
610 1 |a алгебраическая K-теория 
610 1 |a модули 
610 1 |a кольца 
610 1 |a строение 
610 1 |a символы Меннике 
610 1 |a абелевы категории 
610 1 |a теоремы конечности 
610 1 |a теорема Гротендика 
610 1 |a законы взаимности 
675 |a 515.1  |v 3 
700 1 |a Басс  |b Х.  |g Хаймен 
801 1 |a RU  |b 63413507  |c 20120320 
801 2 |a RU  |b 63413507  |c 20140122  |g RCR 
942 |c BK